Central Library OPAC University of Rajshahi

Prospects for the world oil industry : (Record no. 3789)

MARC details
000 -LEADER
fixed length control field 01430cam a2200325 a 4500
001 - CONTROL NUMBER
control field 3789
003 - CONTROL NUMBER IDENTIFIER
rucl marc code BD-RjUL
005 - DATE AND TIME OF LATEST TRANSACTION
control field 20211208233802.0
008 - FIXED-LENGTH DATA ELEMENTS--GENERAL INFORMATION
fixed length control field 131221s1985 enka 101 0 eng
020 ## - INTERNATIONAL STANDARD BOOK NUMBER
International Standard Book Number 0709941048 :
035 ## - SYSTEM CONTROL NUMBER
System control number (BD-RjUL)3823
040 ## - CATALOGING SOURCE
Original cataloging agency DLC
Transcribing agency DLC
Modifying agency DLC
-- BD-RjUL
Language of cataloging eng
041 ## - LANGUAGE CODE
Language code of text/sound track or separate title eng
082 00 - DEWEY DECIMAL CLASSIFICATION NUMBER
Classification number 338.27282
Edition number 19
Author mark and year SYP 1985
111 2# - MAIN ENTRY--MEETING NAME
Meeting name or jurisdiction name as entry element Symposium on the Energy Economy
Date of meeting (1984 :
Location of meeting Durham, England)
9 (RLIN) 12066
245 10 - TITLE STATEMENT
Title Prospects for the world oil industry :
Remainder of title proceedings of a Symposium on the Energy Economy /
Statement of responsibility, etc. co-sponsored by the Petroleum Information Committee of the Arab Gulf States and the University of Durham, England, and held in Durham, 9-10 May 1984 ; edited by Tim Niblock and Richard Lawless.
260 ## - PUBLICATION, DISTRIBUTION, ETC. (IMPRINT)
Place of publication, distribution, etc. London ;
-- Dover, N.H. :
Name of publisher, distributor, etc. C. Helm,
Date of publication, distribution, etc. c1985.
300 ## - PHYSICAL DESCRIPTION
Pagination 131 p. :
Illustrations ill. ;
Size 22 cm.
504 ## - BIBLIOGRAPHY, ETC. NOTE
Bibliography, etc Includes index.
650 #0 - SUBJECT ADDED ENTRY--TOPICAL TERM
Topical term or geographic name as entry element Petroleum industry and trade
General subdivision Congresses.
9 (RLIN) 12049
Topical term or geographic name as entry element Gas industry
General subdivision Congresses.
9 (RLIN) 12050
700 1# - ADDED ENTRY--PERSONAL NAME
Personal name Niblock, Tim.
Personal name Lawless, Richard I.
710 2# - ADDED ENTRY--CORPORATE NAME
Corporate name or jurisdiction name as entry element Petroleum Information Committee of the Arab Gulf States.
9 (RLIN) 12053
Corporate name or jurisdiction name as entry element University of Durham.
9 (RLIN) 12054
856 ## - ELECTRONIC LOCATION AND ACCESS
Uniform Resource Identifier <a href="http://www.worldcat.org/title/prospects-for-the-world-oil-industry-proceedings-of-a-symposion-on-the-energy-economy-1984/oclc/614007598&referer=brief_results">http://www.worldcat.org/title/prospects-for-the-world-oil-industry-proceedings-of-a-symposion-on-the-energy-economy-1984/oclc/614007598&referer=brief_results</a>
942 ## - ADDED ENTRY ELEMENTS (KOHA)
Source of classification or shelving scheme Dewey Decimal Classification
Koha item type Books
Holdings
Lost status Source of classification or shelving scheme Damaged status Not for loan Collection code Permanent Location Current Location Shelving location Date acquired Source of acquisition Total Checkouts Full call number Date last seen Copy number Koha item type
  Dewey Decimal Classification   Not For Loan Non-fiction Central Library, University of Rajshahi Central Library, University of Rajshahi Reading Room 02/03/1986 Asia foundation   338.27282 SYP 1985 21/12/2013 C-1 Books